Química
Uloženo v:
| Hlavní autoři: | , , , |
|---|---|
| Médium: | Kniha |
| Jazyk: | španělština |
| Vydáno: |
Ciudad de México
Cengage Learning
2008
|
| Vydání: | 8a. ed |
| Témata: | |
| Tagy: |
Přidat tag
Žádné tagy, Buďte první, kdo vytvoří štítek k tomuto záznamu!
|
MARC
| LEADER | 00000cam a2200000 a 4500 | ||
|---|---|---|---|
| 001 | UCH3350 | ||
| 003 | CL-VaPUC | ||
| 008 | 090723e20080000MX |||||||||||||||||spa|d | ||
| 020 | |a 9789706867988 | ||
| 082 | 0 | 4 | |a 540 |b WHI |2 21 |
| 100 | 0 | |a Whitten, Kenneth W |e author |9 538650 | |
| 700 | 0 | |a Davis, Raymond E |e author |9 538651 | |
| 700 | 0 | |a Peck, M. Larry |e author |9 538652 | |
| 700 | 0 | |a Satnley, George G |e author |9 538653 | |
| 245 | 1 | 0 | |a Química |
| 250 | |a 8a. ed | ||
| 300 | |a 1066 p | ||
| 942 | |c BK | ||
| 945 | |d 20090723 00:00:00 |a dcastane | ||
| 260 | |a Ciudad de México |b Cengage Learning |c 2008 | ||
| 650 | 0 | |a Química |9 259896 | |
| 650 | 7 | |a ECUACIONES QUIMICAS |2 CL-VaPUC |9 375382 | |
| 650 | 0 | |a Ácidos |9 344389 | |
| 650 | 0 | |a Gases |9 260945 | |
| 650 | 0 | |a Electroquímica |9 263973 | |
| 650 | 0 | |a Química orgánica |9 259426 | |
| 583 | |a last modification |c 20150423 04:22:14 |k Rodrigo Vera | ||
| 999 | |c 334938 |d 334936 | ||
| 952 | |0 0 |1 0 |4 0 |6 540_000000000000000_WHI_2008 |7 0 |8 A |9 424339 |a BIBCUR |b BIBCUR |d 2019-11-22 |i 4574273 |l 3 |o 540 WHI 2008 |p 4574273 |r 2025-04-22 |s 2024-04-10 |w 2019-11-22 |y BK |k QUI | ||
| 952 | |0 0 |1 0 |4 0 |6 540_000000000000000_WHI_2008 |7 0 |8 A |9 424340 |a BIBCUR |b BIBCUR |d 2019-11-22 |i 4574281 |o 540 WHI 2008 |p 4574281 |r 2025-04-22 |w 2019-11-22 |y BK |k QUI | ||
| 952 | |0 0 |1 0 |4 0 |6 540_000000000000000_WHI_2008 |7 0 |8 A |9 424341 |a BIBCUR |b BIBCUR |d 2019-11-22 |i 457429K |o 540 WHI 2008 |p 457429K |r 2025-04-22 |w 2019-11-22 |y BK |k QUI | ||
| 952 | |0 0 |1 0 |4 0 |6 540_000000000000000_WHI_2008 |7 0 |8 A |9 424342 |a BIBCUR |b BIBCUR |d 2019-11-22 |i 4574303 |o 540 WHI 2008 |p 4574303 |r 2025-04-22 |w 2019-11-22 |y BK |k QUI | ||
| 952 | |0 0 |1 0 |4 0 |6 540_000000000000000_WHI_2008 |7 0 |8 A |9 424343 |a BIBCUR |b BIBCUR |d 2019-11-22 |i 4574311 |o 540 WHI 2008 |p 4574311 |r 2025-04-22 |w 2019-11-22 |y BK |k QUI | ||
| 952 | |0 0 |1 0 |4 0 |6 540_000000000000000_WHI_2008 |7 0 |8 A |9 424344 |a BIBCUR |b BIBCUR |d 2019-11-22 |i 457432K |l 2 |o 540 WHI 2008 |p 457432K |r 2025-04-22 |s 2024-04-30 |w 2019-11-22 |y BK |k QUI | ||
| 952 | |0 0 |1 0 |4 0 |6 540_000000000000000_WHI_2008 |7 0 |8 A |9 424346 |a BIBCUR |b BIBCUR |d 2019-11-22 |i 4574346 |o 540 WHI 2008 |p 4574346 |r 2025-04-22 |w 2019-11-22 |y BK |k QUI | ||
| 952 | |0 0 |1 0 |4 0 |6 540_000000000000000_WHI_2008 |7 0 |8 A |9 424348 |a BIBCUR |b BIBCUR |d 2019-11-22 |i 4574362 |l 1 |o 540 WHI 2008 |p 4574362 |r 2025-04-22 |s 2023-05-22 |w 2019-11-22 |y BK |k QUI | ||
| 952 | |0 0 |1 0 |4 0 |6 540_000000000000000_WHI_2008 |7 0 |8 A |9 424349 |a BIBCUR |b BIBCUR |d 2019-11-22 |i 4574370 |l 1 |o 540 WHI 2008 |p 4574370 |r 2025-04-22 |s 2024-04-10 |w 2019-11-22 |y BK |k QUI | ||
| 952 | |0 0 |1 0 |4 0 |6 540_000000000000000_WHI_2008 |7 0 |8 A |9 424350 |a BIBCUR |b BIBCUR |d 2019-11-22 |i 4574389 |o 540 WHI 2008 |p 4574389 |r 2025-04-22 |w 2019-11-22 |y BK |k QUI | ||
| 952 | |0 0 |1 0 |4 0 |6 540_000000000000000_WHI_2008 |7 0 |8 A |9 424351 |a BIBCUR |b BIBCUR |d 2019-11-22 |i 4574397 |o 540 WHI 2008 |p 4574397 |r 2025-04-22 |w 2019-11-22 |y BK |k QUI | ||
| 952 | |0 0 |1 0 |4 0 |6 540_000000000000000_WHI_2008 |7 0 |8 A |9 424352 |a BIBCUR |b BIBCUR |d 2019-11-22 |i 4574400 |l 1 |o 540 WHI 2008 |p 4574400 |r 2025-04-22 |s 2024-04-10 |w 2019-11-22 |y BK |k QUI | ||
| 952 | |0 0 |1 0 |4 0 |6 540_000000000000000_WHI_2008 |7 0 |8 A |9 424353 |a BIBCUR |b BIBCUR |d 2019-11-22 |i 4574419 |l 2 |o 540 WHI 2008 |p 4574419 |r 2025-04-22 |s 2024-04-04 |w 2019-11-22 |y BK |k QUI | ||
| 952 | |0 0 |1 0 |2 ddc |3 erb |4 0 |6 540_000000000000000_WHI_2008 |7 0 |8 CCM |9 424354 |a BIBCUR |b BIBCUR |i 5147182 |l 3 |m 1 |o 540 WHI 2008 |p 5147182 |r 2025-04-22 |s 2024-04-30 |w 2019-11-22 |y BK |z Catalogado en:20150430 |k CIM | ||
| 952 | |0 0 |1 0 |2 ddc |3 erb |4 0 |6 540_000000000000000_WHI_2008 |7 0 |8 CCM |9 424355 |a BIBCUR |b BIBCUR |i 5147190 |l 7 |o 540 WHI 2008 |p 5147190 |r 2025-04-28 |s 2025-04-15 |w 2019-11-22 |y BK |z Catalogado en:20150430 |k CIM | ||
| 952 | |0 0 |1 0 |2 ddc |3 erb |4 0 |6 540_000000000000000_WHI_2008 |7 0 |8 CCM |9 424356 |a BIBCUR |b BIBCUR |i 5147204 |l 2 |o 540 WHI 2008 |p 5147204 |r 2025-04-22 |s 2024-05-08 |w 2019-11-22 |y BK |z Catalogado en:20150430 |k CIM | ||